Competitive intelligence v malých a středních podnicích
Vymedzenie pojmu competitive intelligence Strategické riadenie a jeho informačná podpora. Výskum CI v ČR. Návrh systému CI pre MSP.
Salvato in:
| Autore principale: | |
|---|---|
| Altri autori: | |
| Natura: | Capitolo di libro |
| Lingua: | ceco |
| Soggetti: | |
| Tags: |
Nessun Tag, puoi essere il primo ad aggiungerne!!
|
MARC
| LEADER | 00000naa a2200000 4500 | ||
|---|---|---|---|
| 001 | 0160590 | ||
| 005 | 20240425120647.8 | ||
| 041 | 0 | |a cze | |
| 044 | |a CZ | ||
| 245 | 1 | 0 | |a Competitive intelligence v malých a středních podnicích |c Zdeněk Molnár, Jindřich Střelka |
| 520 | |a Vymedzenie pojmu competitive intelligence Strategické riadenie a jeho informačná podpora. Výskum CI v ČR. Návrh systému CI pre MSP. | ||
| 610 | 2 | 0 | |a podnik malý |
| 610 | 2 | 0 | |a riadenie strategické |
| 610 | 2 | 0 | |a technológie informačné |
| 610 | 2 | 0 | |a systémy informačné |
| 610 | 2 | 0 | |a podnik stredný |
| 610 | 2 | 0 | |a manažment |
| 610 | 2 | 0 | |a competitive intelligence |
| 100 | 1 | |a Molnár, Zdeněk | |
| 700 | 1 | |a Střelka, Jindřich | |